00631nam a2200229 a 4500001001300000003000900013005001700022008004100039020000900080082001300089100001500102245002000117260004700137300000900184500003500193650001600228700001500244902000800259942000700267952011200274999001500386nice12345678IN_TiNIC20260116012753.0080909s1963 dhea grp 000 0 eng  ac5000a239bRAJ aRaj, M Hem aGreater Baptism aDhera Dun bChandana Printing Works c1963 a161p aincludes index and biblioraphy aApologetics1 aRaj, M Hem bSRS cBK 001040708StackRoom-aHMIbHMId2008-09-09g50.00l0o239 RAJp010643r2008-09-09v50.00w2008-09-09yBK c8307d8307